Book

Sociedades sin atajos : cultura, política y reestructuración económica en América latina

Saved in:
Bibliographic Details
Main Author: Calderón, Fernando
Other Authors: Dos Santos, Mario R
Format: Book
Language:Spanish
Published: Buenos Aires : Paidós, 1995
Series:Estado y sociedad ; v. 24
Subjects:

MARC

LEADER 00000nam#a2200000#a#4500
001 011112
003 AR-BeUNQ
005 20251215142720.0
008 960502s1995####ag##################spa#d
999 |c 13528  |d 88915 
020 |a 9501254240 
040 |a AR-beUNQ  |e aacr 
099 |a 01-C10 
100 1 |a Calderón, Fernando 
245 0 0 |a Sociedades sin atajos : cultura, política y reestructuración económica en América latina  |c Fernando Calderón ; Mario R Dos Santos. 
260 |a Buenos Aires :  |b Paidós,  |c 1995 
300 |a 242 p. :   |b tablas 
490 0 |a Estado y sociedad ;  |v v. 24 
594 |b LICENCIATURA EN CIENCIAS SOCIALES  |c TEORÍAS DEL ESTADO  |d 2007 
650 7 |a SOCIOLOGIA POLITICA  |2 Spines 
650 7 |a ANTROPOLOGIA SOCIAL  |2 Spines 
650 7 |a DEMOCRACIA  |2 Spines 
650 7 |a CAMBIO ESTRUCTURAL  |2 Spines 
650 7 |a CAMBIO SOCIOCULTURAL  |2 Spines 
650 7 |a DESARROLLO ECONOMICO  |2 Spines 
650 7 |a SISTEMAS POLITICOS  |2 Spines 
651 7 |a AMERICA DEL SUR  |2 Spines 
700 1 |a Dos Santos, Mario R 
929 |a COMPRA  |b Paidós  |c Exp. 827-0567/95  |d 12,60  |e 19950921  |j 13752 
929 |a COMPRA  |b Paidós  |c Exp. 827-0567/95  |d 12,60  |e 19950921  |j 13753 
942 |c LIB  |n 0